[Event "SG Mengede 1 - SV Bönen 1"]
[Site "Verbandsklasse - Gr. 3 2019/2"]
[Date "2021.07.18"]
[Round "8.8"]
[White "Schmidt, Jonas"]
[Black "Poppenberg, Lars"]
[Result "1-0"]
[WhiteElo "1763"]
[BlackElo "1474"]
[PlyCount "67"]
[EventDate "2021.??.??"]
[WhiteTeam "SG Mengede 1"]
[BlackTeam "SV Bönen 1"]

1. e4 e5 2. Nf3 Nc6 3. Bc4 Bc5 4. c3 Bb6 5. d4 Nf6 6. dxe5 Ng4 7. Bxf7+ Kf8 8.
O-O Nxf2 9. Qe2 Kxf7 10. Be3 Bxe3 11. Qxe3 Nh3+ 12. gxh3 Rf8 13. Nbd2 Kg8 14.
Kh1 d6 15. exd6 Qxd6 16. Nc4 Qe7 17. h4 Bg4 18. Ncd2 Ne5 19. Nxe5 Qxe5 20. Qg3
Qxg3 21. hxg3 Rfe8 22. Rf4 Be6 23. a3 Rad8 24. Nf3 Bc4 25. Re1 c5 26. Kg2 b6
27. g4 h6 28. Kf2 Bb5 29. b3 Rd3 30. c4 Bc6 31. Re3 Rd7 32. Ke2 Red8 33. g5 h5
34. g6 1-0

[Event "SG Gladbeck 1 - Bochumer SV 2"]
[Site "Verbandsliga - Gr. 1 2019/202"]
[Date "2021.07.04"]
[Round "6.1"]
[White "Schneider, Bernd"]
[Black "Frohne, Gerd"]
[Result "1/2-1/2"]
[WhiteElo "2288"]
[BlackElo "2045"]
[PlyCount "29"]
[EventDate "2021.??.??"]
[WhiteTeam "Bochumer SV 2"]
[BlackTeam "SG Gladbeck 1"]

1. c4 e6 2. Nc3 d5 3. d4 Be7 4. Nf3 Nf6 5. Bg5 h6 6. Bh4 O-O 7. e3 b6 8. cxd5
exd5 9. Be2 Bb7 10. O-O Nbd7 11. Rc1 a6 12. Qb3 Ra7 13. Rfd1 c6 14. h3 Bd6 15.
Bxf6 1/2-1/2

[Event "SG Gladbeck 1 - Bochumer SV 2"]
[Site "Verbandsliga - Gr. 1 2019/202"]
[Date "2021.07.04"]
[Round "6.2"]
[White "Berg, Dietmar"]
[Black "Heinbuch, Detlef Ulrich"]
[Result "1/2-1/2"]
[WhiteElo "1956"]
[BlackElo "2180"]
[PlyCount "78"]
[EventDate "2021.??.??"]
[WhiteTeam "SG Gladbeck 1"]
[BlackTeam "Bochumer SV 2"]

1. d4 d5 2. Nf3 Nf6 3. e3 e6 4. Bd3 c5 5. c3 Nc6 6. Nbd2 Be7 7. O-O Qb6 8. Qe2
Nd7 9. b3 e5 10. dxe5 Ndxe5 11. Nxe5 Nxe5 12. Bb5+ Nc6 13. Bb2 O-O 14. Bd3 Bf6
15. e4 Re8 16. Kh1 Bf5 17. f3 Bg6 18. Rac1 Rad8 19. Bb1 Qc7 20. Qf2 dxe4 21.
Nxe4 Bxe4 22. Bxe4 b6 23. Qc2 g6 24. Rcd1 Re6 25. Bxc6 Rxc6 26. c4 Bd4 27. Rde1
Qf4 28. Re4 Qf6 29. Bc1 Re6 30. Rfe1 Rde8 31. Rxe6 Rxe6 32. Rxe6 Qxe6 33. Qd2
h5 34. g3 a6 35. Kg2 b5 36. cxb5 axb5 37. b4 Qc4 38. bxc5 Qxc5 39. Bb2 Bxb2
1/2-1/2

[Event "SG Gladbeck 1 - Bochumer SV 2"]
[Site "Verbandsliga - Gr. 1 2019/202"]
[Date "2021.07.04"]
[Round "6.3"]
[White "Kraemer, Matthias"]
[Black "Rickert, Stefan"]
[Result "1-0"]
[WhiteElo "2199"]
[BlackElo "1903"]
[PlyCount "77"]
[EventDate "2021.??.??"]
[WhiteTeam "Bochumer SV 2"]
[BlackTeam "SG Gladbeck 1"]

1. e4 d6 2. d4 Nf6 3. Nc3 g6 4. Be3 Bg7 5. Qd2 O-O 6. Nge2 e5 7. f3 exd4 8.
Bxd4 Nc6 9. Be3 Ne5 10. Nf4 Be6 11. Nxe6 fxe6 12. f4 Neg4 13. Bg1 Nh5 14. g3
Bxc3 15. Qxc3 Qf6 16. Qxf6 Ngxf6 17. Bd3 e5 18. fxe5 dxe5 19. Bc5 Rfe8 20. O-O
b6 21. Bb4 a5 22. Bc3 Re7 23. Rf3 Rf8 24. Raf1 Nd7 25. Rxf8+ Nxf8 26. g4 Ng7
27. Bc4+ Nfe6 28. Rf6 h6 29. Bxe5 Kh7 30. Bc3 c6 31. Bd3 Ne8 32. Rf1 g5 33. e5+
Kg7 34. Rf6 Nf4 35. Rxc6 Nd5 36. Bd4 Nec7 37. Bf5 Nb5 38. c3 Nf4 39. Kf1 1-0

[Event "SG Gladbeck 1 - Bochumer SV 2"]
[Site "Verbandsliga - Gr. 1 2019/202"]
[Date "2021.07.04"]
[Round "6.4"]
[White "Wenzel, Martin"]
[Black "Hinkmann, Jens"]
[Result "1-0"]
[WhiteElo "1893"]
[BlackElo "1999"]
[PlyCount "105"]
[EventDate "2021.??.??"]
[WhiteTeam "SG Gladbeck 1"]
[BlackTeam "Bochumer SV 2"]

1. e4 e5 2. Nf3 Nc6 3. d4 exd4 4. Nxd4 Nf6 5. Nxc6 bxc6 6. e5 Qe7 7. Qe2 Nd5 8.
c4 Ba6 9. b3 f6 10. exf6 Nxf6 11. Nc3 Qxe2+ 12. Bxe2 Bc5 13. O-O O-O 14. Na4
Bd4 15. Bb2 Bxb2 16. Nxb2 Rae8 17. Rfe1 c5 18. Bf3 Kf7 19. Na4 d6 20. Bc6 Rxe1+
21. Rxe1 Bc8 22. Nc3 a6 23. Bd5+ Kg6 24. Re7 Bd7 25. Ne4 Nxd5 26. Rxd7 Re8 27.
f3 Re7 28. Nxc5 Rxd7 29. Nxd7 Nb4 30. a3 Nc6 31. b4 Kf5 32. b5 axb5 33. cxb5
Na5 34. Kf2 Ke6 35. Nf8+ Kd5 36. Nxh7 Kc4 37. a4 d5 38. Ng5 Kc3 39. Ne6 d4 40.
Nxc7 d3 41. Nd5+ Kd4 42. Ne3 Kc3 43. Ke1 Nb3 44. b6 Nc5 45. h4 d2+ 46. Ke2 Nb3
47. b7 Nd4+ 48. Kf2 Nc6 49. a5 Nb8 50. h5 Kb4 51. Ke2 d1=Q+ 52. Kxd1 Kxa5 53.
Nf5 1-0

[Event "SG Gladbeck 1 - Bochumer SV 2"]
[Site "Verbandsliga - Gr. 1 2019/202"]
[Date "2021.07.04"]
[Round "6.5"]
[White "Goralski, Christian"]
[Black "Winzbeck, Frank"]
[Result "1/2-1/2"]
[WhiteElo "1949"]
[BlackElo "1863"]
[PlyCount "26"]
[EventDate "2021.??.??"]
[WhiteTeam "Bochumer SV 2"]
[BlackTeam "SG Gladbeck 1"]

1. e4 c5 2. c3 d5 3. exd5 Qxd5 4. d4 Nf6 5. Nf3 Bg4 6. Be2 e6 7. O-O Nc6 8. h3
Bh5 9. Be3 cxd4 10. Nxd4 Bxe2 11. Qxe2 Nxd4 12. Bxd4 Be7 13. Rd1 Qc6 1/2-1/2

[Event "SG Gladbeck 1 - Bochumer SV 2"]
[Site "Verbandsliga - Gr. 1 2019/202"]
[Date "2021.07.04"]
[Round "6.6"]
[White "Rickert, Dirk"]
[Black "Peters, Olaf"]
[Result "0-1"]
[WhiteElo "1801"]
[BlackElo "1909"]
[PlyCount "80"]
[EventDate "2021.??.??"]
[WhiteTeam "SG Gladbeck 1"]
[BlackTeam "Bochumer SV 2"]

1. d4 d5 2. Nf3 Nf6 3. c4 e6 4. e3 Be7 5. Nc3 O-O 6. Be2 dxc4 7. Bxc4 Nbd7 8.
O-O c5 9. Re1 a6 10. a4 Qc7 11. Qb3 Nb6 12. Bf1 cxd4 13. exd4 Rd8 14. Bd2 Nbd5
15. Rec1 Qb6 16. Qa2 Bd7 17. a5 Qd6 18. Ne5 Nb4 19. Qb3 Qxd4 20. Nf3 Qd6 21.
Be3 Bc6 22. Ne2 Bxf3 23. Bc5 Qd7 24. Bxe7 Qxe7 25. Qxf3 Rac8 26. Rxc8 Rxc8 27.
Rc1 Rxc1 28. Nxc1 Nc6 29. Bxa6 Qc5 30. Nb3 Qb4 31. Bf1 Nd5 32. Qd3 Nxa5 33.
Nxa5 Qxa5 34. Qc4 Qc7 35. Qa4 g6 36. g3 b6 37. b3 Qc5 38. Bc4 Nc3 39. Qe8+ Kg7
40. Qd7 Ne4 0-1

[Event "SG Gladbeck 1 - Bochumer SV 2"]
[Site "Verbandsliga - Gr. 1 2019/202"]
[Date "2021.07.04"]
[Round "6.7"]
[White "Hart, Klaus"]
[Black "Przygodda, Oskar"]
[Result "1-0"]
[WhiteElo "1709"]
[BlackElo "1666"]
[PlyCount "147"]
[EventDate "2021.??.??"]
[WhiteTeam "Bochumer SV 2"]
[BlackTeam "SG Gladbeck 1"]

1. Nf3 Nf6 2. c4 b6 3. b3 g6 4. Bb2 Bg7 5. e3 O-O 6. d4 Bb7 7. Be2 e6 8. O-O d5
9. Nbd2 Nbd7 10. Rc1 c6 11. h3 Rc8 12. Re1 Re8 13. b4 Ba6 14. cxd5 Bxe2 15.
Qxe2 cxd5 16. Qa6 Rxc1 17. Rxc1 Qb8 18. Rc6 Bf8 19. a3 Rd8 20. Ne1 Ne8 21. Qd3
Rc8 22. Rxc8 Qxc8 23. Qb3 Nd6 24. Nd3 Nc4 25. Nf3 Nxb2 26. Qxb2 Bd6 27. Nd2 f6
28. Qb3 Kg7 29. e4 Qc6 30. b5 Qb7 31. f3 dxe4 32. Nxe4 Bf8 33. Nf4 e5 34. Ne6+
Kh8 35. Nxf8 Nxf8 36. Nxf6 Qg7 37. dxe5 g5 38. Qd5 Qg6 39. Qd8 Kg7 40. Qd5 Qf7
41. Qc6 Qe7 42. Ng4 Ng6 43. Qc3 Qe6 44. Qc7+ Qe7 45. Qxe7+ Nxe7 46. Ne3 Kf7 47.
g3 Ke6 48. f4 h5 49. Kf2 Ng8 50. Kf3 h4 51. fxg5 hxg3 52. Ng4 Kf5 53. h4 g2 54.
Ne3+ Kxe5 55. Nxg2 Kf5 56. Ne3+ Kg6 57. Kg4 Ne7 58. h5+ Kf7 59. Kf4 Ke6 60. Ke4
Nc8 61. h6 Nd6+ 62. Kf4 Kf7 63. a4 Kg6 64. Ng4 Ne8 65. Ne5+ Kh7 66. Nc6 Nd6 67.
Nxa7 Kg6 68. Nc6 Ne8 69. Ne5+ Kh7 70. Nd7 Nc7 71. Nxb6 Kg6 72. Nd7 Nd5+ 73. Ke5
Nc3 74. Nc5 1-0

[Event "SV Ahlen 1 - SV Waltrop 1"]
[Site "Verbandsliga - Gr. 1 2019/202"]
[Date "2021.07.04"]
[Round "6.1"]
[White "Eckert, Marius"]
[Black "Steinle, Carsten"]
[Result "1-0"]
[WhiteElo "2126"]
[BlackElo "2106"]
[PlyCount "63"]
[EventDate "2021.??.??"]
[WhiteTeam "SV Waltrop 1"]
[BlackTeam "SV Ahlen 1"]

1. d4 Nf6 2. Bf4 c5 3. e3 Qb6 4. Na3 cxd4 5. exd4 d5 6. Nb5 Na6 7. a4 g6 8. Nf3
Bg7 9. Be2 O-O 10. h3 Bd7 11. O-O Bxb5 12. axb5 Nc7 13. Qd3 Ne6 14. Be3 Nh5 15.
g3 Qc7 16. Kg2 a6 17. bxa6 Rxa6 18. Rxa6 bxa6 19. b3 Rb8 20. Ng5 Nxg5 21. Bxg5
Rb4 22. Bxh5 gxh5 23. Qxa6 h6 24. Be3 Qxc2 25. Qa8+ Kh7 26. Qxd5 Qxb3 27. Qe4+
Kg8 28. Rc1 Qe6 29. Qf3 Bxd4 30. Rc6 Qd7 31. Rxh6 Bxe3 32. Qa8+ 1-0

[Event "SV Ahlen 1 - SV Waltrop 1"]
[Site "Verbandsliga - Gr. 1 2019/202"]
[Date "2021.07.04"]
[Round "6.2"]
[White "Torres-Kuckel, Rafael"]
[Black "Winterberg, Andreas"]
[Result "1/2-1/2"]
[WhiteElo "2111"]
[BlackElo "1979"]
[PlyCount "54"]
[EventDate "2021.??.??"]
[WhiteTeam "SV Ahlen 1"]
[BlackTeam "SV Waltrop 1"]

1. e4 e5 2. Nc3 Nf6 3. g3 d5 4. exd5 Nxd5 5. Bg2 Nxc3 6. bxc3 Nc6 7. Rb1 Bd6 8.
Ne2 O-O 9. O-O Re8 10. d3 Qf6 11. Be3 Nd8 12. Qd2 c6 13. c4 Ne6 14. Nc3 Qd8 15.
Ne4 Bc7 16. Nc5 Bb6 17. Nxe6 Bxe6 18. Rb2 Qd6 19. Bxb6 axb6 20. Qe3 Qd4 21.
Rxb6 Rxa2 22. Rxb7 Rxc2 23. Bxc6 Rd8 24. Rfb1 Qxe3 25. fxe3 Rd2 26. Rb8 R2xd3
27. Bd5 Rf8 1/2-1/2

[Event "SV Ahlen 1 - SV Waltrop 1"]
[Site "Verbandsliga - Gr. 1 2019/202"]
[Date "2021.07.04"]
[Round "6.4"]
[White "Starp, Klaus"]
[Black "Drewes, Martin"]
[Result "1/2-1/2"]
[WhiteElo "1911"]
[BlackElo "1955"]
[PlyCount "43"]
[EventDate "2021.??.??"]
[WhiteTeam "SV Ahlen 1"]
[BlackTeam "SV Waltrop 1"]

1. e4 e5 2. Nc3 Nf6 3. g3 Be7 4. Bg2 d6 5. Nge2 c5 6. d3 O-O 7. O-O Nc6 8. h3
Rb8 9. a4 a6 10. f4 b5 11. axb5 axb5 12. Nd5 b4 13. c3 bxc3 14. bxc3 Bd7 15.
Nxe7+ Nxe7 16. fxe5 dxe5 17. Be3 Qc8 18. Kh2 Rd8 19. Qc2 Be6 20. c4 Nd7 21. Nc3
Nc6 22. Nd5 1/2-1/2

[Event "SV Ahlen 1 - SV Waltrop 1"]
[Site "Verbandsliga - Gr. 1 2019/202"]
[Date "2021.07.04"]
[Round "6.5"]
[White "Atali, Dogukan"]
[Black "Wefers, Simon"]
[Result "1-0"]
[WhiteElo "1939"]
[BlackElo "1720"]
[PlyCount "57"]
[EventDate "2021.??.??"]
[WhiteTeam "SV Waltrop 1"]
[BlackTeam "SV Ahlen 1"]

1. e4 e6 2. d4 d5 3. Nc3 dxe4 4. Nxe4 Nd7 5. Nf3 Ngf6 6. Bg5 Be7 7. Nxf6+ Nxf6
8. Bd3 Nd5 9. Bd2 O-O 10. Qe2 Qd6 11. Ne5 Nb4 12. Bxb4 Qxb4+ 13. c3 Qd6 14. h4
Bf6 15. Qe4 g6 16. h5 Bxe5 17. dxe5 Qd5 18. O-O-O Qxe4 19. Bxe4 Rb8 20. Rd3 b6
21. Rdh3 g5 22. Rg3 Bb7 23. Bxb7 Rxb7 24. Rxg5+ Kh8 25. h6 Rg8 26. Rxg8+ Kxg8
27. Rh3 c5 28. Rg3+ Kh8 29. Rd3 1-0

[Event "SV Ahlen 1 - SV Waltrop 1"]
[Site "Verbandsliga - Gr. 1 2019/202"]
[Date "2021.07.04"]
[Round "6.6"]
[White "Jaeger, Niklas"]
[Black "Sehrbrock, Christoph"]
[Result "0-1"]
[WhiteElo "1733"]
[BlackElo "1819"]
[PlyCount "74"]
[EventDate "2021.??.??"]
[WhiteTeam "SV Ahlen 1"]
[BlackTeam "SV Waltrop 1"]

1. d4 Nf6 2. Bf4 c5 3. c3 Qb6 4. Qb3 Qxb3 5. axb3 cxd4 6. cxd4 Nc6 7. Nf3 Nd5
8. Bg3 Ndb4 9. Na3 g6 10. e3 Bg7 11. Bc4 O-O 12. O-O d6 13. Nb5 Bg4 14. d5 Bxf3
15. dxc6 Bxc6 16. Nxd6 Bxb2 17. Rab1 Bg7 18. Bxf7+ Rxf7 19. Nxf7 Kxf7 20. Rfd1
Na2 21. Rd2 Be4 22. Rf1 Nb4 23. f3 Bc3 24. Rdd1 Bd3 25. Rf2 Bb5 26. f4 Ke6 27.
e4 Rf8 28. Bh4 Nc6 29. f5+ gxf5 30. exf5+ Rxf5 31. Rxf5 Kxf5 32. Rd7 Ba6 33.
Rd5+ e5 34. h3 Nd4 35. g4+ Ke4 36. Rc5 Nf3+ 37. Kh1 Bd4 0-1

[Event "SV Ahlen 1 - SV Waltrop 1"]
[Site "Verbandsliga - Gr. 1 2019/202"]
[Date "2021.07.04"]
[Round "6.7"]
[White "Schmidt, Sebastian"]
[Black "Lang, Nico"]
[Result "1-0"]
[WhiteElo "1781"]
[BlackElo "1577"]
[PlyCount "57"]
[EventDate "2021.??.??"]
[WhiteTeam "SV Waltrop 1"]
[BlackTeam "SV Ahlen 1"]

1. e4 c5 2. Nf3 e6 3. d4 cxd4 4. Nxd4 a6 5. Nc3 Qc7 6. g3 b6 7. Bg2 Bb7 8. O-O
Nf6 9. Re1 d6 10. Be3 Be7 11. f4 e5 12. Nf5 Bf8 13. Qe2 g6 14. Nh4 Bh6 15. Rad1
Nc6 16. Nd5 Nxd5 17. exd5 Na5 18. fxe5 Bxe3+ 19. Qxe3 O-O 20. e6 f5 21. e7 Rfe8
22. Qe6+ Kg7 23. Nxf5+ gxf5 24. Qxf5 Bc8 25. Qg5+ Kh8 26. Qf6+ Kg8 27. Be4 Ra7
28. Bxh7+ Kxh7 29. Re4 1-0

[Event "SV Ahlen 1 - SV Waltrop 1"]
[Site "Verbandsliga - Gr. 1 2019/202"]
[Date "2021.07.04"]
[Round "6.8"]
[White "Huckebrink, Chris"]
[Black "Muecke, Lukas Benedikt"]
[Result "1/2-1/2"]
[WhiteElo "2076"]
[BlackElo "1473"]
[PlyCount "56"]
[EventDate "2021.??.??"]
[WhiteTeam "SV Ahlen 1"]
[BlackTeam "SV Waltrop 1"]

1. e4 c5 2. b3 e6 3. Bb2 Nf6 4. e5 Nd5 5. c4 Nb6 6. a4 a5 7. Nc3 d5 8. exd6
Bxd6 9. Ne4 e5 10. Qh5 Nc6 11. Bd3 h6 12. f4 Be7 13. Qe2 Nd4 14. Bxd4 exd4 15.
Nxc5 Qc7 16. Ne4 Qxf4 17. Nf3 Bg4 18. O-O O-O 19. h3 Bxf3 20. Rxf3 Qc7 21. Nf6+
Bxf6 22. Rxf6 Rfe8 23. Qg4 Nd7 24. Qf4 Qxf4 25. Rxf4 Nc5 26. Bf1 Nxb3 27. Rb1
Nxd2 28. Rxb7 Nxf1 1/2-1/2

[Event "SV Bottrop 1 - SV Erkenschwick 2"]
[Site "Verbandsliga - Gr. 1 2019/202"]
[Date "2021.07.04"]
[Round "6.2"]
[White "Boehm, Joachim"]
[Black "Jungbluth, Rolf"]
[Result "1-0"]
[WhiteElo "2201"]
[BlackElo "1984"]
[PlyCount "239"]
[EventDate "2021.??.??"]
[WhiteTeam "SV Bottrop 1"]
[BlackTeam "SV Erkenschwick 2"]

1. e4 c5 2. Nc3 Nc6 3. Bb5 Nd4 4. Bc4 d6 5. Nge2 Nf6 6. O-O g6 7. f4 Be6 8.
Bxe6 Nxe6 9. f5 gxf5 10. exf5 Nc7 11. Ng3 Qd7 12. Nh5 Nfd5 13. Nxd5 Nxd5 14. d4
c4 15. Qe2 Qc6 16. Bd2 Kd8 17. Rf3 Rc8 18. c3 b5 19. Rg3 Rc7 20. Re1 Kc8 21.
Qf3 Kb7 22. Nf4 Nf6 23. d5 Qa6 24. Ne2 Qxa2 25. Bc1 a6 26. Nd4 h6 27. Nc6 Kc8
28. Nb4 Qa4 29. Be3 a5 30. Nc6 Nd7 31. Bd4 f6 32. Qf1 Qc2 33. Nxa5 Nc5 34. Nc6
Nb3 35. Re2 Qc1 36. Be3 Qxf1+ 37. Kxf1 Rb7 38. Re1 Kd7 39. Nd4 Nxd4 40. Bxd4
Rb8 41. Ra1 Ke8 42. Re3 Kf7 43. Ra7 Rh7 44. Re6 Kg8 45. Kf2 h5 46. Re3 Kf7 47.
h3 h4 48. Rf3 Rh5 49. Ke2 b4 50. cxb4 Rxb4 51. Bc3 Rb5 52. Ra5 Rb7 53. Ke3 Rg5
54. Kf2 Rg8 55. Rf4 Rg5 56. Kg1 Rc7 57. Bd4 Rh5 58. Ra3 Bh6 59. Rf2 Bg5 60. Rc3
Rb7 61. Rxc4 Rb5 62. Rc7 Rh8 63. Re2 Re8 64. Bf2 Rxd5 65. Rc4 Rxf5 66. Bxh4 d5
67. Rg4 Bc1 68. Rd4 Rh5 69. Bf2 Rd8 70. Rc2 Bh6 71. Rc5 Bf8 72. b4 e6 73. Rc7+
Ke8 74. Rg4 Rd7 75. Rc8+ Kf7 76. b5 Bd6 77. b6 Rb7 78. Ra4 Kg6 79. Rg8+ Rg7 80.
Raa8 Rxg8 81. Rxg8+ Kf7 82. Rc8 d4 83. Bxd4 Rb5 84. Rc2 e5 85. Be3 f5 86. Kf1
Ke6 87. Ke2 e4 88. Kd2 Kd5 89. Ke2 f4 90. Rd2+ Ke6 91. Bd4 Be5 92. Bxe5 Kxe5
93. Ra2 Rxb6 94. Ra5+ Kf6 95. Ra8 Rb2+ 96. Kf1 Ke5 97. Ra5+ Kd4 98. Ra4+ Kd3
99. Ra1 e3 100. Rd1+ Rd2 101. Re1 Rf2+ 102. Kg1 Ke4 103. Ra1 Kf5 104. Rf1 Rc2
105. g3 e2 106. Rxf4+ Ke5 107. Kf2 Rc3 108. Rg4 Re3 109. Ke1 Kf5 110. Rg8 Kf6
111. h4 Kf7 112. Rg4 Kf6 113. h5 Re5 114. Rg6+ Kf5 115. g4+ Kf4 116. h6 Kf3
117. h7 Rb5 118. Rf6+ Ke3 119. Re6+ Kf3 120. Rxe2 1-0

[Event "SV Bottrop 1 - SV Erkenschwick 2"]
[Site "Verbandsliga - Gr. 1 2019/202"]
[Date "2021.07.04"]
[Round "6.4"]
[White "Nowak, Steven"]
[Black "Schulze Bisping, Franz-Adolf"]
[Result "1-0"]
[WhiteElo "1922"]
[BlackElo "1967"]
[PlyCount "49"]
[EventDate "2021.??.??"]
[WhiteTeam "SV Bottrop 1"]
[BlackTeam "SV Erkenschwick 2"]

1. Nf3 f5 2. g3 g6 3. Bg2 d6 4. d4 Nh6 5. c4 Nf7 6. Nc3 Bg7 7. h4 c6 8. h5 e5
9. hxg6 hxg6 10. Rxh8+ Nxh8 11. dxe5 dxe5 12. Qxd8+ Kxd8 13. Ng5 Na6 14. Be3
Bd7 15. O-O-O Kc7 16. a3 Bf6 17. b4 Be7 18. Rh1 Bxg5 19. Bxg5 Nf7 20. Be3 Rh8
21. Rxh8 Nxh8 22. Bxa7 Be6 23. b5 cxb5 24. Nxb5+ Kc8 25. Nd6+ 1-0

[Event "SV Bottrop 1 - SV Erkenschwick 2"]
[Site "Verbandsliga - Gr. 1 2019/202"]
[Date "2021.07.04"]
[Round "6.5"]
[White "Strohmann, Marcel"]
[Black "Masberg, Stefan"]
[Result "1-0"]
[WhiteElo "1878"]
[BlackElo "1938"]
[PlyCount "91"]
[EventDate "2021.??.??"]
[WhiteTeam "SV Erkenschwick 2"]
[BlackTeam "SV Bottrop 1"]

1. e4 e5 2. Nf3 Nf6 3. Nc3 Nc6 4. d4 exd4 5. Nxd4 Nxd4 6. Qxd4 d6 7. Bg5 Be7 8.
O-O-O O-O 9. e5 Ng4 10. Bxe7 Qxe7 11. exd6 Qxd6 12. Qxd6 cxd6 13. Rd2 Rd8 14.
h3 Nf6 15. Bc4 Be6 16. Bb3 Kf8 17. Rhd1 Bxb3 18. axb3 Ke7 19. Nb5 Ne8 20. Re2+
Kf8 21. Rde1 Rd7 22. Re4 a6 23. Nc3 Nf6 24. Rd4 Rc8 25. g4 h6 26. f4 Re8 27.
Rxe8+ Kxe8 28. Kd2 g5 29. fxg5 hxg5 30. Nd5 Nxd5 31. Rxd5 f6 32. Kd3 Ke7 33. b4
Ke6 34. Rf5 Rh7 35. Rf3 Ke5 36. c4 Ke6 37. Kd4 Rh8 38. Re3+ Kd7 39. Kd5 Rh7 40.
c5 dxc5 41. bxc5 Rf7 42. Rb3 Kc8 43. Rb6 f5 44. Ke6 Rc7 45. gxf5 Rxc5 46. f6
1-0

[Event "SV Bottrop 1 - SV Erkenschwick 2"]
[Site "Verbandsliga - Gr. 1 2019/202"]
[Date "2021.07.04"]
[Round "6.6"]
[White "Gierse, Heinz-Dieter"]
[Black "Broszeit, Peter"]
[Result "1-0"]
[WhiteElo "1902"]
[BlackElo "1875"]
[PlyCount "97"]
[EventDate "2021.??.??"]
[WhiteTeam "SV Bottrop 1"]
[BlackTeam "SV Erkenschwick 2"]

1. Nf3 e6 2. g3 f5 3. d3 Nf6 4. Bg2 Be7 5. Nbd2 O-O 6. O-O Nc6 7. c3 d6 8. e4
Kh8 9. exf5 exf5 10. Nc4 Be6 11. Qc2 Qd7 12. Bg5 Rae8 13. Rae1 Nd5 14. Bxe7
Qxe7 15. Nfd2 Qf6 16. f4 Nb6 17. Nxb6 axb6 18. d4 Qf7 19. b3 Bd5 20. Nf3 h6 21.
Nh4 Bxg2 22. Kxg2 g6 23. Kg1 Kg7 24. Qd2 Rxe1 25. Rxe1 Re8 26. Rxe8 Qxe8 27. d5
Ne7 28. Qe3 Qf7 29. c4 Qf6 30. Qd2 g5 31. fxg5 hxg5 32. Nf3 Kg6 33. Qd4 Qxd4+
34. Nxd4 Kf6 35. Nb5 c6 36. dxc6 bxc6 37. Nxd6 Ke5 38. Nf7+ Kf6 39. Nd8 Ke5 40.
Kf2 g4 41. Ke3 c5 42. a3 Nc8 43. Nb7 Ne7 44. b4 cxb4 45. axb4 Ng6 46. c5 bxc5
47. Nxc5 f4+ 48. gxf4+ Nxf4 49. Nd3+ 1-0

[Event "SV Bottrop 1 - SV Erkenschwick 2"]
[Site "Verbandsliga - Gr. 1 2019/202"]
[Date "2021.07.04"]
[Round "6.7"]
[White "Schulz, Angelika"]
[Black "Jaeger, Heinz"]
[Result "0-1"]
[WhiteElo "1585"]
[BlackElo "1963"]
[PlyCount "90"]
[EventDate "2021.??.??"]
[WhiteTeam "SV Erkenschwick 2"]
[BlackTeam "SV Bottrop 1"]

1. Nf3 d5 2. c4 e6 3. d4 c6 4. Bf4 Bd6 5. Bg3 Nf6 6. Nc3 Ne4 7. Nxe4 dxe4 8.
Nd2 e3 9. fxe3 Bxg3+ 10. hxg3 Qg5 11. Ne4 Qxe3 12. Qd3 Qxd3 13. exd3 Ke7 14. c5
Na6 15. a3 h6 16. Be2 Nc7 17. a4 Rd8 18. Nd6 Ne8 19. Nxe8 Kxe8 20. Rh4 Ke7 21.
Kd2 Bd7 22. Rf1 Be8 23. Ke3 b6 24. b4 a5 25. cxb6 axb4 26. Ra1 Rd5 27. Rh5 f5
28. Rhh1 Ra6 29. a5 Raxa5 30. b7 Rab5 31. Bf3 Rd8 32. Ra7 Rb8 33. Rc1 R5xb7 34.
Ra5 b3 35. Rb1 b2 36. Kd2 Kf6 37. Kc2 Rb5 38. Ra6 g5 39. g4 h5 40. gxh5 g4 41.
Bd1 Kg5 42. Ra7 R5b7 43. Ra5 Rd7 44. Kc3 Rd5 45. Bc2 Rxa5 0-1

[Event "SV Bottrop 1 - SV Erkenschwick 2"]
[Site "Verbandsliga - Gr. 1 2019/202"]
[Date "2021.07.04"]
[Round "6.8"]
[White "Huestegge, Ulrich"]
[Black "Henn, Marcus"]
[Result "0-1"]
[WhiteElo "1839"]
[BlackElo "1976"]
[PlyCount "120"]
[EventDate "2021.??.??"]
[WhiteTeam "SV Bottrop 1"]
[BlackTeam "SV Erkenschwick 2"]

1. c4 c5 2. Nc3 Nf6 3. g3 e6 4. e4 d5 5. cxd5 exd5 6. exd5 Nxd5 7. Bg2 Nb4 8.
Bf1 Bf5 9. Bb5+ N8c6 10. Ba4 a6 11. a3 Nd3+ 12. Kf1 Qf6 13. Qf3 Bh3+ 14. Ke2
Qe6+ 15. Qe3 Nxc1+ 16. Rxc1 Bg2 17. Nf3 b5 18. Bc2 Qxe3+ 19. fxe3 Bxh1 20. Rxh1
Be7 21. Nd5 O-O 22. Be4 Ra7 23. h4 Rd8 24. g4 Rad7 25. Nf4 Na5 26. d3 Bf6 27.
b4 cxb4 28. axb4 Nb7 29. d4 Nd6 30. Bd3 Ne8 31. h5 Be7 32. Rb1 Rc7 33. g5 g6
34. hxg6 hxg6 35. d5 Rdc8 36. e4 Rc1 37. Rb2 Nd6 38. Ne5 Bxg5 39. Nfxg6 fxg6
40. Nxg6 Rh1 41. Rb3 Nxe4 42. Bxe4 Re8 43. Rg3 Rxe4+ 44. Kd3 Rxb4 45. Rxg5 Rh3+
46. Kc2 Kf7 47. d6 Rc4+ 48. Kb2 Rd4 49. d7 Kf6 50. Nf8 Kxg5 51. Ne6+ Kf6 52.
Nxd4 Ke7 53. Nc6+ Kxd7 54. Nb8+ Kc7 55. Nxa6+ Kb6 56. Nb4 Kc5 57. Nc2 b4 58.
Ne1 Kc4 59. Nc2 Rh2 60. Kb1 Kc3 0-1

[Event "SG Werl-Wickede 1 - SG Gladbeck 1"]
[Site "Verbandsliga - Gr. 1 2019/202"]
[Date "2021.07.18"]
[Round "8.2"]
[White "Beulertz, Stefan"]
[Black "Berg, Dietmar"]
[Result "1/2-1/2"]
[WhiteElo "1969"]
[BlackElo "1956"]
[PlyCount "73"]
[EventDate "2021.??.??"]
[WhiteTeam "SG Werl-Wickede 1"]
[BlackTeam "SG Gladbeck 1"]

1. e4 c5 2. Nf3 d6 3. d4 cxd4 4. Nxd4 Nf6 5. Nc3 a6 6. h3 e5 7. Nde2 Be6 8. Bg5
h6 9. Bxf6 Qxf6 10. Nd5 Qd8 11. g3 Nd7 12. Bg2 Nf6 13. Nec3 Nxd5 14. Nxd5 Rc8
15. O-O Bxd5 16. Qxd5 Qb6 17. c3 Be7 18. Rab1 O-O 19. Rfd1 Qc6 20. a4 Qxd5 21.
Rxd5 Rc5 22. Rbd1 Rfc8 23. Bf1 Rxd5 24. Rxd5 Rc5 25. Rd1 Kf8 26. f3 Rc6 27. Rd5
Bd8 28. Kf2 Bb6+ 29. Ke2 Ke7 30. Kd2 Bf2 31. g4 Rc5 32. Rxc5 dxc5 33. a5 Kd6
34. Bc4 f6 35. Bd5 Kc7 36. Kd3 Bg1 37. Kc4 1/2-1/2

[Event "SG Werl-Wickede 1 - SG Gladbeck 1"]
[Site "Verbandsliga - Gr. 1 2019/202"]
[Date "2021.07.18"]
[Round "8.3"]
[White "Rickert, Stefan"]
[Black "Lampe, Thomas"]
[Result "1/2-1/2"]
[WhiteElo "1903"]
[BlackElo "1890"]
[PlyCount "97"]
[EventDate "2021.??.??"]
[WhiteTeam "SG Gladbeck 1"]
[BlackTeam "SG Werl-Wickede 1"]

1. e4 c5 2. Nf3 Nc6 3. c3 d5 4. exd5 Qxd5 5. d4 cxd4 6. cxd4 Bg4 7. Nc3 Bxf3 8.
Nxd5 Bxd1 9. Nc7+ Kd8 10. Nxa8 Bg4 11. f3 Bf5 12. Bf4 e5 13. dxe5 Bb4+ 14. Kf2
Nge7 15. Bb5 Bc5+ 16. Kg3 Be6 17. h3 Kc8 18. Rac1 Bd4 19. Rhd1 Kb8 20. Nc7 Kxc7
21. Kh2 Rd8 22. b4 Kb8 23. Bxc6 bxc6 24. Kh1 Bb6 25. Rxd8+ Bxd8 26. Bg5 Bxa2
27. Rd1 Kc8 28. Ra1 Be6 29. Rxa7 Bd7 30. Ra8+ Kc7 31. Ra7+ Kc8 32. e6 Bxe6 33.
Bxe7 Bb6 34. Ra8+ Kb7 35. Rh8 h6 36. g4 Bd4 37. Rd8 Bd5 38. Kg2 Ka6 39. Rb8 Be5
40. Re8 Kb5 41. Bc5 Bc3 42. Bd6 Kc4 43. Rb8 Be6 44. Kf2 h5 45. Ke3 hxg4 46.
fxg4 f5 47. Re8 Kd5 48. Bf8 fxg4 49. hxg4 1/2-1/2

[Event "SG Werl-Wickede 1 - SG Gladbeck 1"]
[Site "Verbandsliga - Gr. 1 2019/202"]
[Date "2021.07.18"]
[Round "8.4"]
[White "Brunberg, Ingo"]
[Black "Wenzel, Martin"]
[Result "1-0"]
[WhiteElo "1785"]
[BlackElo "1893"]
[PlyCount "111"]
[EventDate "2021.??.??"]
[WhiteTeam "SG Werl-Wickede 1"]
[BlackTeam "SG Gladbeck 1"]

1. e4 c6 2. d3 d5 3. Nd2 e5 4. Ngf3 Nd7 5. g3 Ngf6 6. Bg2 Bc5 7. O-O O-O 8. c3
Re8 9. h3 a5 10. a4 Nf8 11. Re1 Ng6 12. Qc2 h5 13. Nf1 h4 14. Kh2 hxg3+ 15.
fxg3 dxe4 16. dxe4 Qb6 17. Ng5 Qc7 18. Be3 Bxe3 19. Nxe3 b6 20. Rad1 Ba6 21.
Rd2 Rad8 22. Red1 Rd7 23. Qb3 Rxd2 24. Rxd2 Nf8 25. Nf5 Ne6 26. Nxe6 Rxe6 27.
Qd1 g6 28. Ne3 Kg7 29. Bf3 Re7 30. Ng4 Nxg4+ 31. Bxg4 c5 32. Kg2 Bb7 33. Bf3
Bc6 34. Kf2 Rd7 35. Rxd7 Bxd7 36. h4 Qc6 37. b3 b5 38. axb5 Qxb5 39. Qd6 Kg8
40. Qxe5 Qxb3 41. h5 Qc2+ 42. Be2 Bg4 43. Qe8+ Kg7 44. h6+ Kh7 45. Qxf7+ Kxh6
46. Qf4+ Kh7 47. Qxg4 a4 48. Qh4+ Kg7 49. Qe7+ Kh6 50. Qxc5 Qb2 51. Qb4 Qa2 52.
e5 a3 53. e6 Kg7 54. Qe7+ Kh6 55. Qf8+ Kh7 56. e7 1-0